LotR: The Houses of Healing - Statistics

General Stats
  • This quiz has been taken 17 times
    8 since last reset
  • The average score is 2 of 7
Answer Stats
Answer % Correct
The trees are now turning from {green} to gold
80%
No more {words} to say.
60%
With a {sigh}, you turn away.
40%
You will find that the world has changed {forever}
40%
I wish I could hold you {closer}.
20%
And the sun is now {fading}
0%
With a deepening {heart},
0%
No matching quizzes found
Score Distribution
Percent of People with Each Score
Percentile by Number Answered
Your Score History
You have not taken this quiz since the last reset